| 000 | 00916nam a2200229Ia 4500 | ||
|---|---|---|---|
| 001 | 9838 | ||
| 003 | GE_BSU | ||
| 008 | 181216s||||||||xx |||||||||||||| ||und|| | ||
| 040 | _cGE_BSU | ||
| 080 | _a821.353.1.09 | ||
| 100 | _aნიკოლეიშვილი,ავთანდილ | ||
| 245 | _aმეოცე საუკუნის ქართული ლიტერატურის ისტორიის ნარკვევები | ||
| 245 | _bწიგნი: პირველი | ||
| 245 | _cრედ:ელგუჯა,თავბერიძე | ||
| 260 | _aქუთაისი | ||
| 260 | _bმოწამეთა | ||
| 260 | _c1994 | ||
| 300 | _a634გვ;20სმ | ||
| 541 | _h20ლ | ||
| 653 | _aმეოცე საუკუნის ქართული ლიტერატურის ისტორიის ნარკვევები | ||
| 942 | _cBK | ||
| 999 |
_c43117 _d43117 |
||